Responses for Show #5285 - Friday, July 27, 2007

2007 Teen Tournament Summer Games final game 2.
Last game of Season 23.

Contestants

[<< previous game]

Meryl Federman, a senior from Livingston, New Jersey (subtotal of $0)

Kyle Neblett, a senior from Beaverton, Oregon (subtotal of $18,000)

Greg Peterson, a senior from Park Ridge, Illinois (subtotal of $25,000)

[next game >>]

Jeopardy! Round responses

AROUND NEW YORK STATE
STUDENT & TEACHER
A STRONG CONSTITUTION
BIBLE BELTS
YOUR PLANET MUST GO!
WHAT ARE YOU AFRAID OF?
    $200 25
Albany

Greg
    $200 1
Michelangelo (Buonarroti)

Greg
    $200 7
the Preamble

Kyle
    $200 6
the cheek

Meryl
    $200 12
(Meryl: What is krypton?)
...
(Alex: The planet was Krypton.)

kryptonite

GregMeryl
    $200 20
books

Meryl
    $400 27
the Bronx

Triple Stumper
    $400 2
(Albert) Einstein

Greg
    $400 8
18

Meryl
    $400 13
the rock

Meryl
    $400 17
Spock

Kyle
    $400 21
the Sun

Meryl
    $600 28
Niagara Falls

Meryl
    $600 3
Athens

Kyle
    $600 9
the Bill of Rights

Greg
    $600 14
Cain

Greg
    $600 18
Marvin (the) Martian

Kyle
    $600 22
rain

Meryl
    $800 29
Sing Sing

Meryl
    $1,000 4
(Kyle: Who is Bach?)
...
(Alex: Who is [*], who would end up having the hearing problem, hence that element of the clue, "he wouldn't listen".)

(Ludwig van) Beethoven

Kyle
    $800 10
(Kyle: What is president?)

vice president

KyleMeryl
    $800 15
Joshua

Meryl
    $800 19
Jimmy Neutron

Meryl
    $800 23
trees

Triple Stumper
    $1000 30
Vassar (College)

Meryl
    $1000 5
chess

Greg
    $1000 11
senators

Meryl
    $1000 16
its jawbone

Greg
    $1000 26
The Hitchhiker's Guide to the Galaxy

Meryl
    $1000 24
hell

Meryl

Scores at the first commercial break (after clue 15):

Greg Kyle Meryl
$3,000 -$1,000 $3,400

Scores at the end of the Jeopardy! Round:

Greg Kyle Meryl
$4,200 $0 $9,800

Double Jeopardy! Round responses

SOUTH AMERICAN COUNTRIES
YOUR PARENTS' MUSIC
ALL ABOUT ANIMALS
WHAT A 19th CENTURY YEAR!
WORLD OF WARCRAFT
COMING AT YOU IN 3-D
(Alex: And what that means is that each correct response will contain three "D"s.)
    $400 1
Uruguay

Kyle
    $400 16
Prince

Meryl
    $400 11
a porcupine

Greg
    $400 3
1876

Kyle
    $400 21
Germany

Meryl
    $400 26
divided

Kyle
    $800 2
Colombia

Meryl
    $800 17
The Rolling Stones

Greg
    $800 12
an elephant

Greg
    $800 5
1849

Kyle
    $800 22
ground (or surface)

Greg
    $800 27
sidesaddle

Kyle
    $1200 4
Brazil

Meryl
    $1200 18
David Lee Roth

Meryl
    $1200 13
(Greg: What is a tiger shark?)
(Kyle: What is a lion shark?)
...
(Alex: It has spots, and it's known as [*].)

a leopard shark

GregKyle
Triple Stumper
    $3,000 7
1863

Meryl
    $1200 23
harpoon

Meryl
    $1200 28
(Alex: Thank you.)

middle-aged

Meryl
    $1600 6
Chile

Meryl
    $1600 19
Madonna

Kyle
    $1600 14
a hippopotamus

Greg
    $1600 8
(Greg: What is 1812?)

1814

GregMeryl
    $1600 24
biological

Greg
    $1600 29
prodded

Meryl
    $4,600 10
(Greg: What is Peru?)
(Alex: No, what is [*]? [*], in fact, is on the Equator.)

Ecuador

Greg
    $2000 20
Billy Joel

Kyle
    $2000 15
a mallard duck

Kyle
    $2000 9
(Meryl: What is 1801?)

1803

GregMeryl
    $2000 25
Hephaestus

Greg
    $2000 30
a didgeridoo

Kyle

Scores at the end of the Double Jeopardy! Round:

Greg Kyle Meryl
$6,800 $9,200 $22,000

[wagering suggestions for these scores]

Final Jeopardy! Round responses

LANDMARKS
(Alex: Talking about big pieces of stone--big pieces of rock.)
GregWhat is Stonehenge?
$6,800
KyleWhat is Stonehenge?
$9,200
MerylWhat is Stonehenge?
$16,601
Stonehenge

Final scores:

Greg Kyle Meryl
$13,600 $18,400 $38,601

Cumulative scores:

Greg Kyle Meryl
$38,600 $36,400 $38,601
1st runner-up: $38,600 2nd runner-up: $36,400 Tournament champion: $75,000

Game dynamics:

Coryat scores:

Greg Kyle Meryl
$11,400 $10,200 $20,200
16 R,
3 W
(including 1 DD)
13 R,
3 W
(including 1 DD)
26 R
(including 1 DD),
2 W

Combined Coryat: $41,800

[game clues] [game scores] [suggest correction]

Game tape date: 2007-03-13
The J! Archive is created by fans, for fans. Scraping, republication, monetization, and malicious use prohibited; this site may use cookies and collect identifying information. See terms. The Jeopardy! game show and all elements thereof, including but not limited to copyright and trademark thereto, are the property of Jeopardy Productions, Inc. and are protected under law. This website is not affiliated with, sponsored by, or operated by Jeopardy Productions, Inc. Join the discussion at JBoard.tv.